Countries with claims to Southern lands - Statistics

General Stats
  • This quiz has been taken 9 times
  • The average score is 7 of 8
Answer Stats
Continent Answer % Correct
Europe United Kingdom
100%
South America Argentina
89%
Oceania Australia
89%
South America Chile
89%
Europe France
89%
Oceania New Zealand
89%
Europe Norway
78%
Africa South Africa
78%
No matching quizzes found
Score Distribution
Percent of People with Each Score
Percentile by Number Answered
Your Score History
You have not taken this quiz